000 00586nam a22001815i 4500
001 164734
003 ES-MaACL
005 20230906213006.0
008 990208s1888 sp |||| | spa d
040 _aCCPB | B
_bspa
_cCCPB | B
100 1 _aSanta Lucía y Amaya, José.
_9132424
245 1 0 _aColección de poesías latinas y castellanas /
_cdel presbítero José Santa Lucía y Amaya.
250 _a2ª ed.
260 _aMadrid :
_b[s.n.],
_c1888 (
_fTipografía de Alfredo Alonso)
300 _a327 p. ;
_c21 cm.
752 _aEspaña -
_dMadrid
852 _aES-MaACL
_jG-11659
999 _c164734
_d164734